| 000 | 00606cam a2200229 4500 | ||
|---|---|---|---|
| 008 | 090401t1989 xxu||||| |||| 00| 0 eng d | ||
| 020 | _a0434916773 | ||
| 035 | _a(Sirsi) u64379 | ||
| 041 | _aeng | ||
| 050 | _a692.8 | ||
| 100 | _aRamus, J.W. | ||
| 245 | _aContract practice for quantity surveyors | ||
| 250 | _a2nd ed. | ||
| 260 |
_aOxford _bHeinemann Newnes _c1989 |
||
| 300 | _aviii,244p. ; 22cm. | ||
| 350 | _a14.95 | ||
| 650 | _aBUILT ENVIRONMENT-BUILDING CONTRACT FORMS | ||
| 650 | _aFLUCTUATIONS | ||
| 650 | _aBUILT ENVIRONMENT-QUANTITY SURVEYING | ||
| 942 | _n0 | ||
| 948 | _c04/03/1997 | ||
| 999 |
_c94671 _d94671 |
||